<?xml version="1.0" encoding="UTF-8"?>
<record
    xmlns:xsi="http://www.w3.org/2001/XMLSchema-instance"
    xsi:schemaLocation="http://www.loc.gov/MARC21/slim http://www.loc.gov/standards/marcxml/schema/MARC21slim.xsd"
    xmlns="http://www.loc.gov/MARC21/slim">

  <leader>00240nam a2200097Ia 4500</leader>
  <controlfield tag="001">939955</controlfield>
  <controlfield tag="005">20250826215237.0</controlfield>
  <controlfield tag="008">250824s9999    xx            000 0 und d</controlfield>
  <datafield tag="245" ind1=" " ind2="0">
    <subfield code="a">&#xC7;OK HAVALI DENEYLER</subfield>
    <subfield code="c">SAB&#x130;NE DAHM</subfield>
  </datafield>
  <datafield tag="260" ind1=" " ind2=" ">
    <subfield code="b">BETA YAYINLARI</subfield>
  </datafield>
  <datafield tag="999" ind1=" " ind2=" ">
    <subfield code="c">939955</subfield>
    <subfield code="d">939955</subfield>
  </datafield>
  <datafield tag="952" ind1=" " ind2=" ">
    <subfield code="0">0</subfield>
    <subfield code="1">0</subfield>
    <subfield code="4">0</subfield>
    <subfield code="7">0</subfield>
    <subfield code="a">1057</subfield>
    <subfield code="b">1057</subfield>
    <subfield code="d">2025-08-24</subfield>
    <subfield code="l">1</subfield>
    <subfield code="p">10574324</subfield>
    <subfield code="r">2025-11-25 13:16:35</subfield>
    <subfield code="s">2025-11-17</subfield>
    <subfield code="w">2025-08-26</subfield>
    <subfield code="y">BK</subfield>
  </datafield>
</record>
